{"text_format":"1","workbook":"xlsx","n_sheets":1,"sheets":["TDSheet"],"not_rendered":{"charts":0,"images":0,"macros":1,"external_links":0,"defined_names":0,"comments":0,"pivot_tables":0},"unopened":[],"bounds":{"document_bytes":16777216,"sheet_cells":100000,"rows_first":2000,"rows_last":500,"rows_between":2000,"halvings":0,"cell_chars":16384,"cell_head_chars":4096},"cells_cut":0,"cells_raw":0,"read":"whole","date_system":"1900"}

{"sheet":"TDSheet","index":0,"n_rows":370,"n_cols":37,"rows_kept":370,"cut":false,"hidden":false,"merged":[[19,36,20,36],[20,2,20,5],[20,6,20,7],[20,9,20,12],[20,15,20,18],[20,30,20,32],[20,33,20,35],[14,31,14,34],[15,12,15,15],[15,16,15,21],[15,31,15,34],[16,12,16,15],[16,16,16,21],[16,31,16,34],[19,1,20,1],[19,2,19,7],[19,8,19,12],[19,13,20,13],[19,14,19,18],[19,19,20,20],[19,21,20,24],[19,25,20,25],[19,26,20,29],[19,30,19,35],[0,0,0,37],[1,35,1,37],[2,1,3,28],[2,35,2,37],[4,35,5,37],[5,1,5,28],[7,1,7,3],[7,4,7,28],[8,35,9,37],[9,0,9,3],[9,4,9,28],[10,35,11,37],[11,0,11,3],[11,4,11,28],[12,31,13,34],[12,35,13,37],[13,4,13,28],[22,33,22,35],[23,2,23,5],[23,6,23,7],[23,9,23,12],[23,15,23,18],[23,21,23,24],[23,26,23,29],[23,30,23,32],[23,33,23,35],[24,2,24,5],[24,6,24,7],[24,9,24,12],[24,15,24,18],[24,21,24,24],[24,26,24,29],[24,30,24,32],[24,33,24,35],[28,2,28,5],[28,6,28,7],[28,9,28,12],[28,15,28,18],[28,21,28,24],[28,26,28,29],[28,30,28,32],[28,33,28,35],[29,2,29,5],[29,6,29,7],[29,9,29,12],[29,15,29,18],[29,21,29,24],[29,26,29,29],[29,30,29,32],[29,33,29,35],[21,2,21,5],[21,6,21,7],[21,9,21,12],[21,15,21,18],[21,19,21,20],[21,21,21,24],[21,26,21,29],[21,30,21,32],[21,33,21,35],[22,2,22,5],[22,6,22,7],[22,9,22,12],[22,15,22,18],[22,21,22,24],[22,26,22,29],[22,30,22,32],[25,2,25,5],[25,6,25,7],[25,9,25,12],[25,15,25,18],[25,21,25,24],[25,26,25,29],[25,30,25,32],[25,33,25,35],[26,2,26,5],[26,6,26,7],[26,9,26,12],[26,15,26,18],[26,21,26,24],[26,26,26,29],[26,30,26,32],[26,33,26,35],[27,2,27,5],[27,6,27,7],[27,9,27,12],[27,15,27,18],[27,21,27,24],[27,26,27,29],[27,30,27,32],[27,33,27,35],[32,2,32,5],[32,6,32,7],[32,9,32,12],[32,15,32,18],[32,21,32,24],[32,26,32,29],[32,30,32,32],[32,33,32,35],[33,15,33,18],[33,21,33,24],[33,26,33,29],[33,30,33,32],[33,33,33,35],[35,1,36,1],[35,2,35,7],[35,8,35,12],[35,13,36,13],[35,14,35,18],[35,19,36,20],[35,21,36,24],[35,25,36,25],[35,26,36,29],[35,30,35,35],[39,2,39,5],[39,6,39,7],[39,9,39,12],[39,15,39,18],[39,21,39,24],[39,26,39,29],[39,30,39,32],[39,33,39,35],[40,2,40,5],[40,6,40,7],[40,9,40,12],[40,15,40,18],[40,21,40,24],[40,26,40,29],[40,30,40,32],[40,33,40,35],[30,2,30,5],[30,6,30,7],[30,9,30,12],[30,15,30,18],[30,21,30,24],[30,26,30,29],[30,30,30,32],[30,33,30,35],[31,2,31,5],[31,6,31,7],[31,9,31,12],[31,15,31,18],[31,21,31,24],[31,26,31,29],[31,30,31,32],[31,33,31,35],[35,36,36,36],[36,2,36,5],[36,6,36,7],[36,9,36,12],[36,15,36,18],[36,30,36,32],[36,33,36,35],[37,2,37,5],[37,6,37,7],[37,9,37,12],[37,15,37,18],[37,19,37,20],[37,21,37,24],[37,26,37,29],[37,30,37,32],[37,33,37,35],[38,2,38,5],[38,6,38,7],[38,9,38,12],[38,15,38,18],[38,21,38,24],[38,26,38,29],[38,30,38,32],[38,33,38,35],[43,30,43,32],[43,33,43,35],[44,2,44,5],[44,6,44,7],[44,9,44,12],[44,15,44,18],[44,21,44,24],[44,26,44,29],[44,30,44,32],[44,33,44,35],[45,2,45,5],[45,6,45,7],[45,9,45,12],[45,15,45,18],[45,21,45,24],[45,26,45,29],[45,30,45,32],[45,33,45,35],[49,15,49,18],[49,21,49,24],[49,26,49,29],[49,30,49,32],[49,33,49,35],[50,15,50,18],[50,21,50,24],[50,26,50,29],[50,30,50,32],[50,33,50,35],[41,2,41,5],[41,6,41,7],[41,9,41,12],[41,15,41,18],[41,21,41,24],[41,26,41,29],[41,30,41,32],[41,33,41,35],[42,2,42,5],[42,6,42,7],[42,9,42,12],[42,15,42,18],[42,21,42,24],[42,26,42,29],[42,30,42,32],[42,33,42,35],[43,2,43,5],[43,6,43,7],[43,9,43,12],[43,15,43,18],[43,21,43,24],[43,26,43,29],[46,2,46,5],[46,6,46,7],[46,9,46,12],[46,15,46,18],[46,21,46,24],[46,26,46,29],[46,30,46,32],[46,33,46,35],[47,2,47,5],[47,6,47,7],[47,9,47,12],[47,15,47,18],[47,21,47,24],[47,26,47,29],[47,30,47,32],[47,33,47,35],[48,2,48,5],[48,6,48,7],[48,9,48,12],[48,15,48,18],[48,21,48,24],[48,26,48,29],[48,30,48,32],[48,33,48,35],[81,35,82,37],[82,0,82,3],[82,4,82,28],[83,31,84,34],[83,35,84,37],[84,4,84,28],[85,31,85,34],[86,12,86,15],[86,16,86,21],[86,31,86,34],[87,12,87,15],[87,16,87,21],[87,31,87,34],[90,1,91,1],[90,2,90,7],[90,8,90,12],[90,13,91,13],[90,14,90,18],[90,19,91,20],[90,21,91,24],[90,25,91,25],[90,26,91,29],[90,30,90,35],[90,36,91,36],[91,2,91,5],[91,6,91,7],[91,9,91,12],[91,15,91,18],[91,30,91,32],[91,33,91,35],[53,34,54,38],[54,5,56,9],[55,34,56,38],[57,5,57,9],[60,7,60,10],[62,1,62,17],[71,0,71,37],[72,35,72,37],[73,1,74,28],[73,35,73,37],[75,35,76,37],[76,1,76,28],[78,1,78,3],[78,4,78,28],[79,35,80,37],[80,0,80,3],[80,4,80,28],[93,33,93,35],[94,2,94,5],[94,6,94,7],[94,9,94,12],[94,15,94,18],[94,21,94,24],[94,26,94,29],[94,30,94,32],[94,33,94,35],[95,2,95,5],[95,6,95,7],[95,9,95,12],[95,15,95,18],[95,21,95,24],[95,26,95,29],[95,30,95,32],[95,33,95,35],[99,2,99,5],[99,6,99,7],[99,9,99,12],[99,15,99,18],[99,21,99,24],[99,26,99,29],[99,30,99,32],[99,33,99,35],[100,2,100,5],[100,6,100,7],[100,9,100,12],[100,15,100,18],[100,21,100,24],[100,26,100,29],[100,30,100,32],[100,33,100,35],[92,2,92,5],[92,6,92,7],[92,9,92,12],[92,15,92,18],[92,19,92,20],[92,21,92,24],[92,26,92,29],[92,30,92,32],[92,33,92,35],[93,2,93,5],[93,6,93,7],[93,9,93,12],[93,15,93,18],[93,21,93,24],[93,26,93,29],[93,30,93,32],[96,2,96,5],[96,6,96,7],[96,9,96,12],[96,15,96,18],[96,21,96,24],[96,26,96,29],[96,30,96,32],[96,33,96,35],[97,2,97,5],[97,6,97,7],[97,9,97,12],[97,15,97,18],[97,21,97,24],[97,26,97,29],[97,30,97,32],[97,33,97,35],[98,2,98,5],[98,6,98,7],[98,9,98,12],[98,15,98,18],[98,21,98,24],[98,26,98,29],[98,30,98,32],[98,33,98,35],[103,2,103,5],[103,6,103,7],[103,9,103,12],[103,15,103,18],[103,21,103,24],[103,26,103,29],[103,30,103,32],[103,33,103,35],[104,15,104,18],[104,21,104,24],[104,26,104,29],[104,30,104,32],[104,33,104,35],[106,1,107,1],[106,2,106,7],[106,8,106,12],[106,13,107,13],[106,14,106,18],[106,19,107,20],[106,21,107,24],[106,25,107,25],[106,26,107,29],[106,30,106,35],[110,2,110,5],[110,6,110,7],[110,9,110,12],[110,15,110,18],[110,21,110,24],[110,26,110,29],[110,30,110,32],[110,33,110,35],[111,2,111,5],[111,6,111,7],[111,9,111,12],[111,15,111,18],[111,21,111,24],[111,26,111,29],[111,30,111,32],[111,33,111,35],[101,2,101,5],[101,6,101,7],[101,9,101,12],[101,15,101,18],[101,21,101,24],[101,26,101,29],[101,30,101,32],[101,33,101,35],[102,2,102,5],[102,6,102,7],[102,9,102,12],[102,15,102,18],[102,21,102,24],[102,26,102,29],[102,30,102,32],[102,33,102,35],[106,36,107,36],[107,2,107,5],[107,6,107,7],[107,9,107,12],[107,15,107,18],[107,30,107,32],[107,33,107,35],[108,2,108,5],[108,6,108,7],[108,9,108,12],[108,15,108,18],[108,19,108,20],[108,21,108,24],[108,26,108,29],[108,30,108,32],[108,33,108,35],[109,2,109,5],[109,6,109,7],[109,9,109,12],[109,15,109,18],[109,21,109,24],[109,26,109,29],[109,30,109,32],[109,33,109,35],[114,2,114,5],[114,6,114,7],[114,9,114,12],[114,15,114,18],[114,21,114,24],[114,26,114,29],[114,30,114,32],[114,33,114,35],[115,2,115,5],[115,6,115,7],[115,9,115,12],[115,15,115,18],[115,21,115,24],[115,26,115,29],[115,30,115,32],[115,33,115,35],[116,2,116,5],[116,6,116,7],[116,9,116,12],[116,15,116,18],[116,21,116,24],[116,26,116,29],[116,30,116,32],[116,33,116,35],[120,2,120,5],[120,6,120,7],[120,9,120,12],[120,15,120,18],[120,21,120,24],[120,26,120,29],[120,30,120,32],[120,33,120,35],[121,2,121,5],[121,6,121,7],[121,9,121,12],[121,15,121,18],[121,21,121,24],[121,26,121,29],[121,30,121,32],[121,33,121,35],[112,2,112,5],[112,6,112,7],[112,9,112,12],[112,15,112,18],[112,21,112,24],[112,26,112,29],[112,30,112,32],[112,33,112,35],[113,2,113,5],[113,6,113,7],[113,9,113,12],[113,15,113,18],[113,21,113,24],[113,26,113,29],[113,30,113,32],[113,33,113,35],[117,2,117,5],[117,6,117,7],[117,9,117,12],[117,15,117,18],[117,21,117,24],[117,26,117,29],[117,30,117,32],[117,33,117,35],[118,2,118,5],[118,6,118,7],[118,9,118,12],[118,15,118,18],[118,21,118,24],[118,26,118,29],[118,30,118,32],[118,33,118,35],[119,2,119,5],[119,6,119,7],[119,9,119,12],[119,15,119,18],[119,21,119,24],[119,26,119,29],[119,30,119,32],[119,33,119,35],[124,9,124,12],[124,15,124,18],[124,21,124,24],[124,26,124,29],[124,30,124,32],[124,33,124,35],[125,2,125,5],[125,6,125,7],[125,9,125,12],[125,15,125,18],[125,21,125,24],[125,26,125,29],[125,30,125,32],[125,33,125,35],[126,2,126,5],[126,6,126,7],[126,9,126,12],[126,15,126,18],[126,21,126,24],[126,26,126,29],[126,30,126,32],[126,33,126,35],[130,30,130,32],[130,33,130,35],[129,2,129,5],[133,1,134,1],[133,2,133,7],[133,8,133,12],[133,13,134,13],[133,14,133,18],[129,30,129,32],[129,6,129,7],[129,9,129,12],[129,15,129,18],[129,21,129,24],[133,30,133,35],[122,2,122,5],[122,6,122,7],[122,9,122,12],[122,15,122,18],[122,21,122,24],[122,26,122,29],[122,30,122,32],[122,33,122,35],[123,2,123,5],[123,6,123,7],[123,9,123,12],[123,15,123,18],[123,21,123,24],[123,26,123,29],[123,30,123,32],[123,33,123,35],[124,2,124,5],[124,6,124,7],[136,2,136,5],[136,6,136,7],[136,9,136,12],[136,15,136,18],[136,21,136,24],[136,26,136,29],[136,30,136,32],[136,33,136,35],[128,33,128,35],[127,2,127,5],[127,6,127,7],[127,9,127,12],[127,15,127,18],[127,21,127,24],[127,26,127,29],[129,26,129,29],[127,30,127,32],[127,33,127,35],[128,2,128,5],[128,6,128,7],[128,9,128,12],[128,15,128,18],[128,21,128,24],[128,26,128,29],[128,30,128,32],[129,33,129,35],[130,2,130,5],[130,6,130,7],[130,9,130,12],[130,15,130,18],[130,21,130,24],[130,26,130,29],[133,36,134,36],[131,15,131,18],[131,21,131,24],[131,26,131,29],[131,30,131,32],[131,33,131,35],[134,2,134,5],[134,6,134,7],[134,9,134,12],[134,15,134,18],[134,30,134,32],[134,33,134,35],[133,19,134,20],[133,21,134,24],[133,25,134,25],[133,26,134,29],[135,2,135,5],[135,6,135,7],[135,9,135,12],[135,15,135,18],[135,19,135,20],[135,21,135,24],[135,26,135,29],[135,30,135,32],[135,33,135,35],[159,0,159,37],[160,35,160,37],[161,1,162,28],[161,35,161,37],[163,35,164,37],[164,1,164,28],[166,1,166,3],[166,4,166,28],[167,35,168,37],[168,0,168,3],[168,4,168,28],[169,35,170,37],[170,0,170,3],[170,4,170,28],[171,31,172,34],[171,35,172,37],[172,4,172,28],[178,36,179,36],[179,2,179,5],[179,6,179,7],[179,9,179,12],[179,15,179,18],[179,30,179,32],[179,33,179,35],[180,2,180,5],[180,6,180,7],[180,9,180,12],[180,15,180,18],[180,19,180,20],[180,21,180,24],[180,26,180,29],[180,30,180,32],[180,33,180,35],[137,15,137,18],[137,21,137,24],[137,26,137,29],[137,30,137,32],[137,33,137,35],[138,15,138,18],[138,21,138,24],[138,26,138,29],[138,30,138,32],[138,33,138,35],[141,34,142,38],[142,5,144,9],[143,34,144,38],[145,5,145,9],[148,7,148,10],[150,1,150,17],[173,31,173,34],[174,12,174,15],[174,16,174,21],[174,31,174,34],[175,12,175,15],[175,16,175,21],[175,31,175,34],[178,1,179,1],[178,2,178,7],[178,8,178,12],[178,13,179,13],[178,14,178,18],[178,19,179,20],[178,21,179,24],[178,25,179,25],[178,26,179,29],[178,30,178,35],[183,9,183,12],[183,15,183,18],[183,21,183,24],[183,26,183,29],[183,30,183,32],[183,33,183,35],[184,2,184,5],[184,6,184,7],[184,9,184,12],[184,15,184,18],[184,21,184,24],[184,26,184,29],[184,30,184,32],[184,33,184,35],[185,2,185,5],[185,6,185,7],[185,9,185,12],[185,15,185,18],[185,21,185,24],[185,26,185,29],[185,30,185,32],[185,33,185,35],[189,9,189,12],[189,15,189,18],[189,21,189,24],[189,26,189,29],[189,30,189,32],[189,33,189,35],[190,2,190,5],[190,6,190,7],[190,9,190,12],[190,15,190,18],[190,21,190,24],[190,26,190,29],[190,30,190,32],[190,33,190,35],[181,2,181,5],[181,6,181,7],[181,9,181,12],[181,15,181,18],[181,21,181,24],[181,26,181,29],[181,30,181,32],[181,33,181,35],[182,2,182,5],[182,6,182,7],[182,9,182,12],[182,15,182,18],[182,21,182,24],[182,26,182,29],[182,30,182,32],[182,33,182,35],[183,2,183,5],[183,6,183,7],[196,15,196,18],[196,19,196,20],[196,21,196,24],[196,26,196,29],[196,30,196,32],[196,33,196,35],[186,2,186,5],[186,6,186,7],[186,9,186,12],[186,15,186,18],[186,21,186,24],[186,26,186,29],[186,30,186,32],[186,33,186,35],[187,2,187,5],[187,6,187,7],[187,9,187,12],[187,15,187,18],[187,21,187,24],[187,26,187,29],[187,30,187,32],[187,33,187,35],[188,2,188,5],[188,6,188,7],[188,9,188,12],[188,15,188,18],[188,21,188,24],[188,26,188,29],[188,30,188,32],[188,33,188,35],[189,2,189,5],[189,6,189,7],[194,1,195,1],[194,2,194,7],[194,8,194,12],[194,13,195,13],[194,14,194,18],[194,19,195,20],[194,21,195,24],[194,25,195,25],[194,26,195,29],[194,30,194,35],[194,36,195,36],[195,2,195,5],[195,6,195,7],[195,9,195,12],[195,15,195,18],[195,30,195,32],[195,33,195,35],[200,2,200,5],[200,6,200,7],[200,9,200,12],[200,15,200,18],[200,21,200,24],[200,26,200,29],[200,30,200,32],[200,33,200,35],[201,2,201,5],[201,6,201,7],[201,9,201,12],[201,15,201,18],[201,21,201,24],[201,26,201,29],[201,30,201,32],[201,33,201,35],[191,2,191,5],[191,6,191,7],[191,9,191,12],[191,15,191,18],[191,21,191,24],[191,26,191,29],[191,30,191,32],[191,33,191,35],[192,15,192,18],[192,21,192,24],[192,26,192,29],[192,30,192,32],[192,33,192,35],[196,2,196,5],[196,6,196,7],[196,9,196,12],[197,2,197,5],[197,6,197,7],[197,9,197,12],[197,15,197,18],[197,21,197,24],[197,26,197,29],[197,30,197,32],[197,33,197,35],[198,2,198,5],[198,6,198,7],[198,9,198,12],[198,15,198,18],[198,21,198,24],[198,26,198,29],[198,30,198,32],[198,33,198,35],[199,2,199,5],[199,6,199,7],[199,9,199,12],[199,15,199,18],[199,21,199,24],[199,26,199,29],[199,30,199,32],[199,33,199,35],[224,0,224,37],[225,35,225,37],[226,1,227,28],[226,35,226,37],[228,35,229,37],[229,1,229,28],[231,1,231,3],[231,4,231,28],[232,35,233,37],[233,0,233,3],[233,4,233,28],[234,35,235,37],[235,0,235,3],[235,4,235,28],[236,31,237,34],[236,35,237,37],[237,4,237,28],[243,36,244,36],[244,2,244,5],[244,6,244,7],[244,9,244,12],[244,15,244,18],[244,30,244,32],[244,33,244,35],[245,2,245,5],[245,6,245,7],[245,9,245,12],[245,15,245,18],[245,19,245,20],[245,21,245,24],[245,26,245,29],[245,30,245,32],[245,33,245,35],[202,15,202,18],[202,21,202,24],[202,26,202,29],[202,30,202,32],[202,33,202,35],[203,15,203,18],[203,21,203,24],[203,26,203,29],[203,30,203,32],[203,33,203,35],[206,34,207,38],[207,5,209,9],[208,34,209,38],[210,5,210,9],[213,7,213,10],[215,1,215,17],[249,30,249,32],[249,33,249,35],[248,2,248,5],[252,1,253,1],[252,2,252,7],[252,8,252,12],[252,13,253,13],[252,14,252,18],[248,30,248,32],[248,6,248,7],[248,9,248,12],[248,15,248,18],[248,21,248,24],[252,30,252,35],[238,31,238,34],[239,12,239,15],[239,16,239,21],[239,31,239,34],[240,12,240,15],[240,16,240,21],[240,31,240,34],[243,1,244,1],[243,2,243,7],[243,8,243,12],[243,13,244,13],[243,14,243,18],[243,19,244,20],[243,21,244,24],[243,25,244,25],[243,26,244,29],[243,30,243,35],[255,2,255,5],[255,6,255,7],[255,9,255,12],[255,15,255,18],[255,21,255,24],[255,26,255,29],[255,30,255,32],[255,33,255,35],[246,2,246,5],[246,6,246,7],[246,9,246,12],[246,15,246,18],[246,21,246,24],[246,26,246,29],[246,30,246,32],[248,26,248,29],[246,33,246,35],[247,2,247,5],[247,6,247,7],[247,9,247,12],[247,15,247,18],[247,21,247,24],[247,26,247,29],[247,30,247,32],[247,33,247,35],[248,33,248,35],[249,2,249,5],[249,6,249,7],[249,9,249,12],[249,15,249,18],[249,21,249,24],[249,26,249,29],[252,36,253,36],[250,15,250,18],[250,21,250,24],[250,26,250,29],[250,30,250,32],[250,33,250,35]],"merged_total":1467,"flags":["merged_cut"]}
["Унифицированная форма № ТОРГ-12\nУтверждена постановлением Госкомстата России от 25.12.98 № 132"]
[null,null,null,null,null,null,null,null,null,null,null,null,null,null,null,null,null,null,null,null,null,null,null,null,null,null,null,null,null,null,null,null,null,null,null,"Коды"]
[null,null,null,null,null,null,null,null,null,null,null,null,null,null,null,null,null,null,null,null,null,null,null,null,null,null,null,null,null,null,null,null,null,null,"Форма по ОКУД ",330212]
[null,null,null,null,null,null,null,null,null,null,null,null,null,null,null,null,null,null,null,null,null,null,null,null,null,null,null,null,null,null,null,null,null,null,"по ОКПО"]
[null,null,null,null,"организация-грузоотправитель, адрес, телефон, факс, банковские реквизиты"]
[]
[null,null,null,null,null,null,null,null,null,null,null,null,"структурное подразделение",null,null,null,null,null,null,null,null,null,null,null,null,null,null,null,null,null,null,null,null,null,"Вид деятельности по ОКДП"]
[null,"\nГрузополучатель",null,null,null,null,null,null,null,null,null,null,null,null,null,null,null,null,null,null,null,null,null,null,null,null,null,null,null,null,null,null,null,null,"по ОКПО"]
[null,null,null,null,"организация, адрес, телефон, факс, банковские реквизиты"]
["\nПоставщик",null,null,null,null,null,null,null,null,null,null,null,null,null,null,null,null,null,null,null,null,null,null,null,null,null,null,null,null,null,null,null,null,null,"по ОКПО"]
[null,null,null,null,"организация, адрес, телефон, факс, банковские реквизиты"]
["\nПлательщик",null,null,null,null,null,null,null,null,null,null,null,null,null,null,null,null,null,null,null,null,null,null,null,null,null,null,null,null,null,null,null,null,null,"по ОКПО"]
[null,null,null,null,"организация, адрес, телефон, факс, банковские реквизиты",null,null,null,null,null,null,null,null,null,null,null,null,null,null,null,null,null,null,null,null,null,null,null,null,null,null,"номер"]
[null,null,null,"Основание"]
[null,null,null,null,"договор, заказ-наряд",null,null,null,null,null,null,null,null,null,null,null,null,null,null,null,null,null,null,null,null,null,null,null,null,null,null,"дата"]
[null,null,null,null,null,null,null,null,null,null,null,null,"Номер документа",null,null,null,"Дата составления",null,null,null,null,null,null,null,null,null,null,null,null,null,"Транспортная накладная","номер"]
[null,null,null,null,null,null,null,null,null,null,null,"ТОВАРНАЯ НАКЛАДНАЯ  ",33404885,null,null,null,"02.11.2016",null,null,null,null,null,null,null,null,null,null,null,null,null,null,"дата"]
[null,null,null,null,null,null,null,null,null,null,null,null,null,null,null,null,null,null,null,null,null,null,null,null,null,null,null,null,null,null,null,null,null,null,"Вид операции"]
[null,null,null,null,null,null,null,null,null,null,null,null,null,null,null,null,null,null,null,null,null,null,null,null,null,null,null,null,null,null,null,null,null,null,null,null,"Страница 1"]
[null,"Но-\nмер\nпо по-\nрядку ","Товар",null,null,null,null,null,"Единица измерения",null,null,null,null,"Вид упаковки","Количество",null,null,null,null,"Масса брутто",null,"Количе-\nство \n(масса \nнетто)",null,null,null,"Цена,\nруб. коп.","Сумма без\nучета НДС,\nруб. коп.",null,null,null,"НДС",null,null,null,null,null,"Сумма с\nучетом \nНДС, \nруб. коп."]
[null,null,"наименование, характеристика, сорт, артикул товара",null,null,null,"код",null,"наиме- нование","код по ОКЕИ",null,null,null,null,"в одном месте","мест,\nштук",null,null,null,null,null,null,null,null,null,null,null,null,null,null,"ставка, %",null,null,"сумма, \nруб. коп."]
[null,1,2,null,null,null,3,null,4,5,null,null,null,6,7,8,null,null,null,9,null,10,null,null,null,11,12,null,null,null,13,null,null,14,null,null,15]
[null,1,"Сигареты ЛД club Premium Compact Blue (МРЦ: 75)",null,null,null,20334,null,"шт",796,null,null,null,"шт",1,10,null,null,null,null,null,10,null,null,null,57.79,577.9,null,null,null,18,null,null,104.02,null,null,681.92]
[null,2,"Сигареты ЛД blue (МРЦ: 80)",null,null,null,7845,null,"шт",796,null,null,null,"шт",1,10,null,null,null,null,null,10,null,null,null,61.92,619.20000000000005,null,null,null,18,null,null,111.46,null,null,730.66]
[null,3,"Сигареты ЛД club compact 100s blue (МРЦ: 80)",null,null,null,7846,null,"шт",796,null,null,null,"шт",1,10,null,null,null,null,null,10,null,null,null,61.64,616.4,null,null,null,18,null,null,110.95,null,null,727.35]
[null,4,"Сигареты Винстон XStyle silver ( ОС ) (МРЦ: 95)",null,null,null,7776,null,"шт",796,null,null,null,"шт",1,20,null,null,null,null,null,20,null,null,null,73.19,1463.8,null,null,null,18,null,null,263.48,null,null,1727.28]
[null,5,"Сигареты Винстон blue (МРЦ: 100)",null,null,null,7762,null,"шт",796,null,null,null,"шт",1,60,null,null,null,null,null,60,null,null,null,77.400000000000006,4644,null,null,null,18,null,null,835.92,null,null,5479.92]
[null,6,"Сигареты Винстон silver (МРЦ: 100)",null,null,null,7766,null,"шт",796,null,null,null,"шт",1,10,null,null,null,null,null,10,null,null,null,77.400000000000006,774,null,null,null,18,null,null,139.32,null,null,913.32]
[null,7,"Сигареты Винстон SS blue (МРЦ: 100)",null,null,null,7767,null,"шт",796,null,null,null,"шт",1,10,null,null,null,null,null,10,null,null,null,77.05,770.5,null,null,null,18,null,null,138.69,null,null,909.19]
[null,8,"Сигареты Винстон XStyle blue (МРЦ: 95)",null,null,null,7777,null,"шт",796,null,null,null,"шт",1,20,null,null,null,null,null,20,null,null,null,73.19,1463.8,null,null,null,18,null,null,263.48,null,null,1727.28]
[null,9,"Сигареты Винстон compact blue (МРЦ: 90)",null,null,null,7765,null,"шт",796,null,null,null,"шт",1,10,null,null,null,null,null,10,null,null,null,69.34,693.4,null,null,null,18,null,null,124.81,null,null,818.21]
[null,10,"Сигареты Вест compact silver (МРЦ: 74)",null,null,null,7747,null,"шт",796,null,null,null,"шт",1,10,null,null,null,null,null,10,null,null,null,57.27,572.70000000000005,null,null,null,18,null,null,103.09,null,null,675.79]
[null,11,"Сигареты Вест compact blue (МРЦ: 74)",null,null,null,7745,null,"шт",796,null,null,null,"шт",1,10,null,null,null,null,null,10,null,null,null,57.27,572.70000000000005,null,null,null,18,null,null,103.09,null,null,675.79]
[null,null,null,null,null,null,null,null,null,null,null,null,null,null,"Итого ",180,null,null,null,null,null,180,null,null,null,"Х",12768.4,null,null,null,"Х",null,null,2298.31,null,null,15066.71]
[null,null,null,null,null,null,null,null,null,null,null,null,null,null,null,null,null,null,null,null,null,null,null,null,null,null,null,null,null,null,null,null,null,null,null,null,"Страница 2"]
[null,"Но-\nмер\nпо по-\nрядку ","Товар",null,null,null,null,null,"Единица измерения",null,null,null,null,"Вид упаковки","Количество",null,null,null,null,"Масса брутто",null,"Количе-\nство \n(масса \nнетто)",null,null,null,"Цена,\nруб. коп.","Сумма без\nучета НДС,\nруб. коп.",null,null,null,"НДС",null,null,null,null,null,"Сумма с\nучетом \nНДС, \nруб. коп."]
[null,null,"наименование, характеристика, сорт, артикул товара",null,null,null,"код",null,"наиме- нование","код по ОКЕИ",null,null,null,null,"в одном месте","мест,\nштук",null,null,null,null,null,null,null,null,null,null,null,null,null,null,"ставка, %",null,null,"сумма, \nруб. коп."]
[null,1,2,null,null,null,3,null,4,5,null,null,null,6,7,8,null,null,null,9,null,10,null,null,null,11,12,null,null,null,13,null,null,14,null,null,15]
[null,12,"Сигареты Союз Аполлон С-19 (МРЦ: 75)",null,null,null,7991,null,"шт",796,null,null,null,"шт",1,10,null,null,null,null,null,10,null,null,null,57.78,577.79999999999995,null,null,null,18,null,null,104,null,null,681.8]
[null,13,"Сигареты Союз Аполлон С-19 25 сигарет (МРЦ: 87)",null,null,null,7992,null,"шт",796,null,null,null,"шт",1,24,null,null,null,null,null,24,null,null,null,67.33,1615.92,null,null,null,18,null,null,290.87,null,null,1906.79]
[null,14,"Сигареты Бонд street blue selection (МРЦ: 85)",null,null,null,7729,null,"шт",796,null,null,null,"шт",1,10,null,null,null,null,null,10,null,null,null,65.48,654.79999999999995,null,null,null,18,null,null,117.86,null,null,772.66]
[null,15,"Сигареты Бонд street silver selection (МРЦ: 90)",null,null,null,7736,null,"шт",796,null,null,null,"шт",1,10,null,null,null,null,null,10,null,null,null,69.650000000000006,696.5,null,null,null,18,null,null,125.37,null,null,821.87]
[null,16,"Сигареты Бонд Street compact blue (МРЦ: 80)",null,null,null,7731,null,"шт",796,null,null,null,"шт",1,50,null,null,null,null,null,50,null,null,null,60.53,3026.5,null,null,null,18,null,null,544.77,null,null,3571.27]
[null,17,"Сигареты Бонд Street compact premium (МРЦ: 80)",null,null,null,7732,null,"шт",796,null,null,null,"шт",1,30,null,null,null,null,null,30,null,null,null,60.53,1815.9,null,null,null,18,null,null,326.86,null,null,2142.7600000000002]
[null,18,"Сигареты Честерфилд silver (МРЦ: 95)",null,null,null,8008,null,"шт",796,null,null,null,"шт",1,10,null,null,null,null,null,10,null,null,null,73.19,731.9,null,null,null,18,null,null,131.74,null,null,863.64]
[null,19,"Сигареты ЛМ blue label (МРЦ: 88)",null,null,null,7858,null,"шт",796,null,null,null,"шт",1,20,null,null,null,null,null,20,null,null,null,67.8,1356,null,null,null,18,null,null,244.08,null,null,1600.08]
[null,20,"Сигареты ЛМ compact 100\"s black (МРЦ: 83)",null,null,null,14445,null,"шт",796,null,null,null,"шт",1,10,null,null,null,null,null,10,null,null,null,54.61,546.1,null,null,null,18,null,null,98.3,null,null,644.4]
[null,21,"Сигареты Мальборо gold original (МРЦ: 115)",null,null,null,18573,null,"шт",796,null,null,null,"шт",1,10,null,null,null,null,null,10,null,null,null,88.6,886,null,null,null,18,null,null,159.47999999999999,null,null,1045.48]
[null,22,"Зажигалка Скай Лайт Пьезо",null,null,null,8355,null,"шт",796,null,null,null,"шт",1,25,null,null,null,null,null,25,null,null,null,12.33,308.25,null,null,null,18,null,null,55.49,null,null,363.74]
[null,null,null,null,null,null,null,null,null,null,null,null,null,null,"Итого ",209,null,null,null,null,null,209,null,null,null,"Х",12215.67,null,null,null,"Х",null,null,2198.8200000000002,null,null,14414.49]
[null,null,null,null,null,null,null,null,null,null,null,null,null,null,"Всего по накладной ",389,null,null,null,null,null,389,null,null,null,"Х",24984.07,null,null,null,"Х",null,null,4497.13,null,null,29481.200000000001]
[null,null,null,"Товарная накладная имеет приложение на"]
[null,null,null,"и содержит",null,"Двадцать два ",null,null,null,null,null,null,null,null,null,null,null,null,null,null,null,null,null,null,"порядковых номеров записей"]
[null,null,null,null,null,"прописью"]
[null,null,null,null,null,"Триста восемьдесят девять ",null,null,null,null,null,"     Масса груза (нетто)"]
[null,null,null,null,null,null,null,null,null,null,null,null,null,null,null,null,null,null,"прописью"]
[null,null,null,"Всего мест",null,null,null,null,null,null,null,"     Масса груза (брутто)"]
[null,null,null,null,null,"прописью",null,null,null,null,null,null,null,null,null,null,null,null,"прописью"]
[]
[null,"Приложение (паспорта, сертификаты и т.п.) на ",null,null,null,null,null,null,null,null,null,"листах",null,null,null,null,null,null,null,null,null,null,null,"По доверенности №",null,null,null,"от "]
[null,null,null,null,null,null,null,"прописью"]
[null,"Всего отпущено  на сумму",null,null,null,null,null,null,null,null,null,null,null,null,null,null,null,null,null,null,"выданной"]
[null,"Двадцать девять тысяч четыреста восемьдесят один рубль 20 копеек",null,null,null,null,null,null,null,null,null,null,null,null,null,null,null,null,null,null,null,null,null,null,"кем, кому (организация, должность, фамилия, и. о.)"]
[null,"Отпуск разрешил"]
[null,null,null,"должность",null,null,null,"подпись",null,null,null,"расшифровка подписи"]
[null,"Главный (старший) бухгалтер",null,null,null,null,null,null,null,null,null,null,null,null,null,null,null,null,null,null,"Груз принял"]
[null,null,null,null,null,null,null,"подпись",null,null,null,"расшифровка подписи",null,null,null,null,null,null,null,null,null,null,null,null,"должность",null,null,null,"подпись",null,null,null,null,null,"расшифровка подписи"]
[null,"Отпуск груза произвел",null,null,null,null,null,null,null,null,null,null,null,null,null,null,null,null,null,null,"Груз получил "]
[null,null,null,"должность",null,null,null,"подпись",null,null,null,"расшифровка подписи",null,null,null,null,null,null,null,null,"грузополучатель",null,null,null,"должность",null,null,null,"подпись",null,null,null,null,null,"расшифровка подписи"]
[]
[null,null,"М.П.",null,null,null,"\"02\"","ноября",null,null,"2016 года",null,null,null,null,null,null,null,null,null,null,null,null,"М.П.",null,null,null,"\"     \" _____________ 20     года"]
["Унифицированная форма № ТОРГ-12\nУтверждена постановлением Госкомстата России от 25.12.98 № 132"]
[null,null,null,null,null,null,null,null,null,null,null,null,null,null,null,null,null,null,null,null,null,null,null,null,null,null,null,null,null,null,null,null,null,null,null,"Коды"]
[null,null,null,null,null,null,null,null,null,null,null,null,null,null,null,null,null,null,null,null,null,null,null,null,null,null,null,null,null,null,null,null,null,null,"Форма по ОКУД ",330212]
[null,null,null,null,null,null,null,null,null,null,null,null,null,null,null,null,null,null,null,null,null,null,null,null,null,null,null,null,null,null,null,null,null,null,"по ОКПО"]
[null,null,null,null,"организация-грузоотправитель, адрес, телефон, факс, банковские реквизиты"]
[]
[null,null,null,null,null,null,null,null,null,null,null,null,"структурное подразделение",null,null,null,null,null,null,null,null,null,null,null,null,null,null,null,null,null,null,null,null,null,"Вид деятельности по ОКДП"]
[null,"\nГрузополучатель",null,null,null,null,null,null,null,null,null,null,null,null,null,null,null,null,null,null,null,null,null,null,null,null,null,null,null,null,null,null,null,null,"по ОКПО"]
[null,null,null,null,"организация, адрес, телефон, факс, банковские реквизиты"]
["\nПоставщик",null,null,null,null,null,null,null,null,null,null,null,null,null,null,null,null,null,null,null,null,null,null,null,null,null,null,null,null,null,null,null,null,null,"по ОКПО"]
[null,null,null,null,"организация, адрес, телефон, факс, банковские реквизиты"]
["\nПлательщик",null,null,null,null,null,null,null,null,null,null,null,null,null,null,null,null,null,null,null,null,null,null,null,null,null,null,null,null,null,null,null,null,null,"по ОКПО"]
[null,null,null,null,"организация, адрес, телефон, факс, банковские реквизиты",null,null,null,null,null,null,null,null,null,null,null,null,null,null,null,null,null,null,null,null,null,null,null,null,null,null,"номер"]
[null,null,null,"Основание"]
[null,null,null,null,"договор, заказ-наряд",null,null,null,null,null,null,null,null,null,null,null,null,null,null,null,null,null,null,null,null,null,null,null,null,null,null,"дата"]
[null,null,null,null,null,null,null,null,null,null,null,null,"Номер документа",null,null,null,"Дата составления",null,null,null,null,null,null,null,null,null,null,null,null,null,"Транспортная накладная","номер"]
[null,null,null,null,null,null,null,null,null,null,null,"ТОВАРНАЯ НАКЛАДНАЯ  ",33404881,null,null,null,"02.11.2016",null,null,null,null,null,null,null,null,null,null,null,null,null,null,"дата"]
[null,null,null,null,null,null,null,null,null,null,null,null,null,null,null,null,null,null,null,null,null,null,null,null,null,null,null,null,null,null,null,null,null,null,"Вид операции"]
[null,null,null,null,null,null,null,null,null,null,null,null,null,null,null,null,null,null,null,null,null,null,null,null,null,null,null,null,null,null,null,null,null,null,null,null,"Страница 1"]
[null,"Но-\nмер\nпо по-\nрядку ","Товар",null,null,null,null,null,"Единица измерения",null,null,null,null,"Вид упаковки","Количество",null,null,null,null,"Масса брутто",null,"Количе-\nство \n(масса \nнетто)",null,null,null,"Цена,\nруб. коп.","Сумма без\nучета НДС,\nруб. коп.",null,null,null,"НДС",null,null,null,null,null,"Сумма с\nучетом \nНДС, \nруб. коп."]
[null,null,"наименование, характеристика, сорт, артикул товара",null,null,null,"код",null,"наиме- нование","код по ОКЕИ",null,null,null,null,"в одном месте","мест,\nштук",null,null,null,null,null,null,null,null,null,null,null,null,null,null,"ставка, %",null,null,"сумма, \nруб. коп."]
[null,1,2,null,null,null,3,null,4,5,null,null,null,6,7,8,null,null,null,9,null,10,null,null,null,11,12,null,null,null,13,null,null,14,null,null,15]
[null,1,"Сигареты Кэмел blue (МРЦ: 115)",null,null,null,7838,null,"шт",796,null,null,null,"шт",1,20,null,null,null,null,null,20,null,null,null,89.01,1780.2,null,null,null,18,null,null,320.44,null,null,2100.64]
[null,2,"Сигареты ЛД club lounge (МРЦ: 90)",null,null,null,7852,null,"шт",796,null,null,null,"шт",1,10,null,null,null,null,null,10,null,null,null,69.66,696.6,null,null,null,18,null,null,125.39,null,null,821.99]
[null,3,"Сигареты Петр 1 эталон (МРЦ: 80)",null,null,null,7948,null,"шт",796,null,null,null,"шт",1,10,null,null,null,null,null,10,null,null,null,61.64,616.4,null,null,null,18,null,null,110.95,null,null,727.35]
[null,4,"Сигареты Святой Георгий 9 кр 25 сиг (МРЦ: 87)",null,null,null,7983,null,"шт",796,null,null,null,"шт",1,8,null,null,null,null,null,8,null,null,null,67.03,536.24,null,null,null,18,null,null,96.52,null,null,632.76]
[null,5,"Сигареты Винстон blue (МРЦ: 105)",null,null,null,7762,null,"шт",796,null,null,null,"шт",1,70,null,null,null,null,null,70,null,null,null,81.27,5688.9,null,null,null,18,null,null,1024,null,null,6712.9]
[null,6,"Сигареты Винстон SS fresh mentol (МРЦ: 105)",null,null,null,7768,null,"шт",796,null,null,null,"шт",1,10,null,null,null,null,null,10,null,null,null,81.27,812.7,null,null,null,18,null,null,146.29,null,null,958.99]
[null,7,"Сигареты Винстон XS silver (МРЦ: 105)",null,null,null,7775,null,"шт",796,null,null,null,"шт",1,20,null,null,null,null,null,20,null,null,null,81.27,1625.4,null,null,null,18,null,null,292.57,null,null,1917.97]
[null,8,"Сигареты Винстон XS blue (МРЦ: 100)",null,null,null,7771,null,"шт",796,null,null,null,"шт",1,20,null,null,null,null,null,20,null,null,null,77.400000000000006,1548,null,null,null,18,null,null,278.64,null,null,1826.64]
[null,9,"Сигареты Винстон XStyle blue (МРЦ: 95)",null,null,null,7777,null,"шт",796,null,null,null,"шт",1,40,null,null,null,null,null,40,null,null,null,73.19,2927.6,null,null,null,18,null,null,526.97,null,null,3454.57]
[null,10,"Сигареты Винстон compact blue (МРЦ: 90)",null,null,null,7765,null,"шт",796,null,null,null,"шт",1,20,null,null,null,null,null,20,null,null,null,69.34,1386.8,null,null,null,18,null,null,249.62,null,null,1636.42]
[null,11,"Сигареты Максим Классический красный Спец.выпуск (МРЦ: 63)",null,null,null,22207,null,"шт",796,null,null,null,"шт",1,20,null,null,null,null,null,20,null,null,null,48.76,975.2,null,null,null,18,null,null,175.54,null,null,1150.74]
[null,null,null,null,null,null,null,null,null,null,null,null,null,null,"Итого ",248,null,null,null,null,null,248,null,null,null,"Х",18594.04,null,null,null,"Х",null,null,3346.93,null,null,21940.97]
[null,null,null,null,null,null,null,null,null,null,null,null,null,null,null,null,null,null,null,null,null,null,null,null,null,null,null,null,null,null,null,null,null,null,null,null,"Страница 2"]
[null,"Но-\nмер\nпо по-\nрядку ","Товар",null,null,null,null,null,"Единица измерения",null,null,null,null,"Вид упаковки","Количество",null,null,null,null,"Масса брутто",null,"Количе-\nство \n(масса \nнетто)",null,null,null,"Цена,\nруб. коп.","Сумма без\nучета НДС,\nруб. коп.",null,null,null,"НДС",null,null,null,null,null,"Сумма с\nучетом \nНДС, \nруб. коп."]
[null,null,"наименование, характеристика, сорт, артикул товара",null,null,null,"код",null,"наиме- нование","код по ОКЕИ",null,null,null,null,"в одном месте","мест,\nштук",null,null,null,null,null,null,null,null,null,null,null,null,null,null,"ставка, %",null,null,"сумма, \nруб. коп."]
[null,1,2,null,null,null,3,null,4,5,null,null,null,6,7,8,null,null,null,9,null,10,null,null,null,11,12,null,null,null,13,null,null,14,null,null,15]
[null,12,"Сигареты Союз Аполлон С-19 (МРЦ: 75)",null,null,null,7991,null,"шт",796,null,null,null,"шт",1,20,null,null,null,null,null,20,null,null,null,57.78,1155.5999999999999,null,null,null,18,null,null,208.01,null,null,1363.61]
[null,13,"Сигареты Союз Аполлон А-18 (МРЦ: 75)",null,null,null,7989,null,"шт",796,null,null,null,"шт",1,10,null,null,null,null,null,10,null,null,null,57.78,577.79999999999995,null,null,null,18,null,null,104,null,null,681.8]
[null,14,"Сигареты Союз Аполлон С-19 мягкая пачка (МРЦ: 59,5)",null,null,null,16222,null,"шт",796,null,null,null,"шт",1,10,null,null,null,null,null,10,null,null,null,41.82,418.2,null,null,null,18,null,null,75.28,null,null,493.48]
[null,15,"Сигареты Союз Аполлон С-19 Compact (МРЦ: 60)",null,null,null,7988,null,"шт",796,null,null,null,"шт",1,20,null,null,null,null,null,20,null,null,null,41.78,835.6,null,null,null,18,null,null,150.41,null,null,986.01]
[null,16,"Сигареты Бонд street blue selection (МРЦ: 85)",null,null,null,7729,null,"шт",796,null,null,null,"шт",1,20,null,null,null,null,null,20,null,null,null,65.48,1309.5999999999999,null,null,null,18,null,null,235.73,null,null,1545.33]
[null,17,"Сигареты Бонд street special blue (МРЦ: 95)",null,null,null,7739,null,"шт",796,null,null,null,"шт",1,20,null,null,null,null,null,20,null,null,null,73.86,1477.2,null,null,null,18,null,null,265.89999999999998,null,null,1743.1]
[null,18,"Сигареты Бонд Street compact blue (МРЦ: 80)",null,null,null,7731,null,"шт",796,null,null,null,"шт",1,30,null,null,null,null,null,30,null,null,null,60.53,1815.9,null,null,null,18,null,null,326.86,null,null,2142.7600000000002]
[null,19,"Сигареты Бонд Street compact silver (МРЦ: 90)",null,null,null,7734,null,"шт",796,null,null,null,"шт",1,10,null,null,null,null,null,10,null,null,null,69.08,690.8,null,null,null,18,null,null,124.34,null,null,815.14]
[null,20,"Сигареты Бонд street Premium (МРЦ: 73)",null,null,null,7733,null,"шт",796,null,null,null,"шт",1,20,null,null,null,null,null,20,null,null,null,47.51,950.2,null,null,null,18,null,null,171.04,null,null,1121.24]
[null,21,"Сигареты Бонд Street compact premium (МРЦ: 80)",null,null,null,7732,null,"шт",796,null,null,null,"шт",1,30,null,null,null,null,null,30,null,null,null,60.53,1815.9,null,null,null,18,null,null,326.86,null,null,2142.7600000000002]
[null,22,"Сигареты Честерфилд Crown blue (МРЦ: 90)",null,null,null,8005,null,"шт",796,null,null,null,"шт",1,10,null,null,null,null,null,10,null,null,null,69.03,690.3,null,null,null,18,null,null,124.25,null,null,814.55]
[null,23,"Сигареты Мальборо gold original (МРЦ: 115)",null,null,null,18573,null,"шт",796,null,null,null,"шт",1,10,null,null,null,null,null,10,null,null,null,88.6,886,null,null,null,18,null,null,159.47999999999999,null,null,1045.48]
[null,24,"Сигареты Некст blue (МРЦ: 75)",null,null,null,7906,null,"шт",796,null,null,null,"шт",1,20,null,null,null,null,null,20,null,null,null,57.78,1155.5999999999999,null,null,null,18,null,null,208.01,null,null,1363.61]
[null,25,"Сигареты Некст blue (LPE) (МРЦ: 70)",null,null,null,17687,null,"шт",796,null,null,null,"шт",1,20,null,null,null,null,null,20,null,null,null,53.69,1073.8,null,null,null,18,null,null,193.28,null,null,1267.08]
[null,26,"Сигареты Некст Compact (МРЦ: 75)",null,null,null,7913,null,"шт",796,null,null,null,"шт",1,10,null,null,null,null,null,10,null,null,null,58.04,580.4,null,null,null,18,null,null,104.47,null,null,684.87]
[null,27,"Сигареты Оптима red (МРЦ: 65)",null,null,null,7924,null,"шт",796,null,null,null,"шт",1,20,null,null,null,null,null,20,null,null,null,49.85,997,null,null,null,18,null,null,179.46,null,null,1176.46]
[null,28,"Сигареты Оптима gold (МРЦ: 69)",null,null,null,7920,null,"шт",796,null,null,null,"шт",1,30,null,null,null,null,null,30,null,null,null,52.92,1587.6,null,null,null,18,null,null,285.77,null,null,1873.37]
[null,29,"Сигареты Оптима white (МРЦ: 79)",null,null,null,7927,null,"шт",796,null,null,null,"шт",1,20,null,null,null,null,null,20,null,null,null,61.14,1222.8,null,null,null,18,null,null,220.1,null,null,1442.9]
[null,30,"Сигареты Парламент Night blue (МРЦ: 140)",null,null,null,7939,null,"шт",796,null,null,null,"шт",1,20,null,null,null,null,null,20,null,null,null,108.69,2173.8000000000002,null,null,null,18,null,null,391.28,null,null,2565.08]
[null,31,"Сигареты Парламент Аqua bluе (МРЦ: 140)",null,null,null,7945,null,"шт",796,null,null,null,"шт",1,20,null,null,null,null,null,20,null,null,null,108.69,2173.8000000000002,null,null,null,18,null,null,391.28,null,null,2565.08]
[null,32,"Сигареты Парламент reserve (МРЦ: 135)",null,null,null,7941,null,"шт",796,null,null,null,"шт",1,10,null,null,null,null,null,10,null,null,null,104.48,1044.8,null,null,null,18,null,null,188.06,null,null,1232.8599999999999]
[null,33,"Зажигалка Крикет стандарт",null,null,null,1304,null,"шт",796,null,null,null,"шт",1,50,null,null,null,null,null,50,null,null,null,19.940000000000001,997,null,null,null,18,null,null,179.46,null,null,1176.46]
[null,null,null,null,null,null,null,null,null,null,null,null,null,null,"Итого ",430,null,null,null,null,null,430,null,null,null,"Х",25629.7,null,null,null,"Х",null,null,4613.33,null,null,30243.03]
[null,null,null,null,null,null,null,null,null,null,null,null,null,null,null,null,null,null,null,null,null,null,null,null,null,null,null,null,null,null,null,null,null,null,null,null,"Страница 3"]
[null,"Но-\nмер\nпо по-\nрядку ","Товар",null,null,null,null,null,"Единица измерения",null,null,null,null,"Вид упаковки","Количество",null,null,null,null,"Масса брутто",null,"Количе-\nство \n(масса \nнетто)",null,null,null,"Цена,\nруб. коп.","Сумма без\nучета НДС,\nруб. коп.",null,null,null,"НДС",null,null,null,null,null,"Сумма с\nучетом \nНДС, \nруб. коп."]
[null,null,"наименование, характеристика, сорт, артикул товара",null,null,null,"код",null,"наиме- нование","код по ОКЕИ",null,null,null,null,"в одном месте","мест,\nштук",null,null,null,null,null,null,null,null,null,null,null,null,null,null,"ставка, %",null,null,"сумма, \nруб. коп."]
[null,1,2,null,null,null,3,null,4,5,null,null,null,6,7,8,null,null,null,9,null,10,null,null,null,11,12,null,null,null,13,null,null,14,null,null,15]
[null,34,"Зажигалка АМ-011CR  Ангара",null,null,null,1298,null,"шт",796,null,null,null,"шт",1,50,null,null,null,null,null,50,null,null,null,5.75,287.5,null,null,null,18,null,null,51.75,null,null,339.25]
[null,null,null,null,null,null,null,null,null,null,null,null,null,null,"Итого ",50,null,null,null,null,null,50,null,null,null,"Х",287.5,null,null,null,"Х",null,null,51.75,null,null,339.25]
[null,null,null,null,null,null,null,null,null,null,null,null,null,null,"Всего по накладной ",728,null,null,null,null,null,728,null,null,null,"Х",44511.24,null,null,null,"Х",null,null,8012.01,null,null,52523.25]
[null,null,null,"Товарная накладная имеет приложение на"]
[null,null,null,"и содержит",null,"Тридцать четыре ",null,null,null,null,null,null,null,null,null,null,null,null,null,null,null,null,null,null,"порядковых номеров записей"]
[null,null,null,null,null,"прописью"]
[null,null,null,null,null,"Семьсот двадцать восемь ",null,null,null,null,null,"     Масса груза (нетто)"]
[null,null,null,null,null,null,null,null,null,null,null,null,null,null,null,null,null,null,"прописью"]
[null,null,null,"Всего мест",null,null,null,null,null,null,null,"     Масса груза (брутто)"]
[null,null,null,null,null,"прописью",null,null,null,null,null,null,null,null,null,null,null,null,"прописью"]
[]
[null,"Приложение (паспорта, сертификаты и т.п.) на ",null,null,null,null,null,null,null,null,null,"листах",null,null,null,null,null,null,null,null,null,null,null,"По доверенности №",null,null,null,"от "]
[null,null,null,null,null,null,null,"прописью"]
[null,"Всего отпущено  на сумму",null,null,null,null,null,null,null,null,null,null,null,null,null,null,null,null,null,null,"выданной"]
[null,"Пятьдесят две тысячи пятьсот двадцать три рубля 25 копеек",null,null,null,null,null,null,null,null,null,null,null,null,null,null,null,null,null,null,null,null,null,null,"кем, кому (организация, должность, фамилия, и. о.)"]
[null,"Отпуск разрешил"]
[null,null,null,"должность",null,null,null,"подпись",null,null,null,"расшифровка подписи"]
[null,"Главный (старший) бухгалтер",null,null,null,null,null,null,null,null,null,null,null,null,null,null,null,null,null,null,"Груз принял"]
[null,null,null,null,null,null,null,"подпись",null,null,null,"расшифровка подписи",null,null,null,null,null,null,null,null,null,null,null,null,"должность",null,null,null,"подпись",null,null,null,null,null,"расшифровка подписи"]
[null,"Отпуск груза произвел",null,null,null,null,null,null,null,null,null,null,null,null,null,null,null,null,null,null,"Груз получил "]
[null,null,null,"должность",null,null,null,"подпись",null,null,null,"расшифровка подписи",null,null,null,null,null,null,null,null,"грузополучатель",null,null,null,"должность",null,null,null,"подпись",null,null,null,null,null,"расшифровка подписи"]
[]
[null,null,"М.П.",null,null,null,"\"02\"","ноября",null,null,"2016 года",null,null,null,null,null,null,null,null,null,null,null,null,"М.П.",null,null,null,"\"     \" _____________ 20     года"]
["Унифицированная форма № ТОРГ-12\nУтверждена постановлением Госкомстата России от 25.12.98 № 132"]
[null,null,null,null,null,null,null,null,null,null,null,null,null,null,null,null,null,null,null,null,null,null,null,null,null,null,null,null,null,null,null,null,null,null,null,"Коды"]
[null,null,null,null,null,null,null,null,null,null,null,null,null,null,null,null,null,null,null,null,null,null,null,null,null,null,null,null,null,null,null,null,null,null,"Форма по ОКУД ",330212]
[null,null,null,null,null,null,null,null,null,null,null,null,null,null,null,null,null,null,null,null,null,null,null,null,null,null,null,null,null,null,null,null,null,null,"по ОКПО"]
[null,null,null,null,"организация-грузоотправитель, адрес, телефон, факс, банковские реквизиты"]
[]
[null,null,null,null,null,null,null,null,null,null,null,null,"структурное подразделение",null,null,null,null,null,null,null,null,null,null,null,null,null,null,null,null,null,null,null,null,null,"Вид деятельности по ОКДП"]
[null,"\nГрузополучатель",null,null,null,null,null,null,null,null,null,null,null,null,null,null,null,null,null,null,null,null,null,null,null,null,null,null,null,null,null,null,null,null,"по ОКПО"]
[null,null,null,null,"организация, адрес, телефон, факс, банковские реквизиты"]
["\nПоставщик",null,null,null,null,null,null,null,null,null,null,null,null,null,null,null,null,null,null,null,null,null,null,null,null,null,null,null,null,null,null,null,null,null,"по ОКПО"]
[null,null,null,null,"организация, адрес, телефон, факс, банковские реквизиты"]
["\nПлательщик",null,null,null,null,null,null,null,null,null,null,null,null,null,null,null,null,null,null,null,null,null,null,null,null,null,null,null,null,null,null,null,null,null,"по ОКПО"]
[null,null,null,null,"организация, адрес, телефон, факс, банковские реквизиты",null,null,null,null,null,null,null,null,null,null,null,null,null,null,null,null,null,null,null,null,null,null,null,null,null,null,"номер"]
[null,null,null,"Основание"]
[null,null,null,null,"договор, заказ-наряд",null,null,null,null,null,null,null,null,null,null,null,null,null,null,null,null,null,null,null,null,null,null,null,null,null,null,"дата"]
[null,null,null,null,null,null,null,null,null,null,null,null,"Номер документа",null,null,null,"Дата составления",null,null,null,null,null,null,null,null,null,null,null,null,null,"Транспортная накладная","номер"]
[null,null,null,null,null,null,null,null,null,null,null,"ТОВАРНАЯ НАКЛАДНАЯ  ",33340633,null,null,null,"01.11.2016",null,null,null,null,null,null,null,null,null,null,null,null,null,null,"дата"]
[null,null,null,null,null,null,null,null,null,null,null,null,null,null,null,null,null,null,null,null,null,null,null,null,null,null,null,null,null,null,null,null,null,null,"Вид операции"]
[null,null,null,null,null,null,null,null,null,null,null,null,null,null,null,null,null,null,null,null,null,null,null,null,null,null,null,null,null,null,null,null,null,null,null,null,"Страница 1"]
[null,"Но-\nмер\nпо по-\nрядку ","Товар",null,null,null,null,null,"Единица измерения",null,null,null,null,"Вид упаковки","Количество",null,null,null,null,"Масса брутто",null,"Количе-\nство \n(масса \nнетто)",null,null,null,"Цена,\nруб. коп.","Сумма без\nучета НДС,\nруб. коп.",null,null,null,"НДС",null,null,null,null,null,"Сумма с\nучетом \nНДС, \nруб. коп."]
[null,null,"наименование, характеристика, сорт, артикул товара",null,null,null,"код",null,"наиме- нование","код по ОКЕИ",null,null,null,null,"в одном месте","мест,\nштук",null,null,null,null,null,null,null,null,null,null,null,null,null,null,"ставка, %",null,null,"сумма, \nруб. коп."]
[null,1,2,null,null,null,3,null,4,5,null,null,null,6,7,8,null,null,null,9,null,10,null,null,null,11,12,null,null,null,13,null,null,14,null,null,15]
[null,1,"Сигареты ЛД club lounge (МРЦ: 75)",null,null,null,7852,null,"шт",796,null,null,null,"шт",1,20,null,null,null,null,null,20,null,null,null,58.05,1161,null,null,null,18,null,null,208.98,null,null,1369.98]
[null,2,"Сигареты ЛД club compact blue (МРЦ: 75)",null,null,null,7847,null,"шт",796,null,null,null,"шт",1,20,null,null,null,null,null,20,null,null,null,57.79,1155.8,null,null,null,18,null,null,208.04,null,null,1363.84]
[null,3,"Сигареты Петр 1 эталон компакт (МРЦ: 65)",null,null,null,7949,null,"шт",796,null,null,null,"шт",1,20,null,null,null,null,null,20,null,null,null,50.08,1001.6,null,null,null,18,null,null,180.29,null,null,1181.8900000000001]
[null,4,"Сигареты Винстон XStyle silver ( ОС ) (МРЦ: 95)",null,null,null,7776,null,"шт",796,null,null,null,"шт",1,20,null,null,null,null,null,20,null,null,null,73.19,1463.8,null,null,null,18,null,null,263.48,null,null,1727.28]
[null,5,"Сигареты Винстон blue (МРЦ: 100)",null,null,null,7762,null,"шт",796,null,null,null,"шт",1,100,null,null,null,null,null,100,null,null,null,77.400000000000006,7740,null,null,null,18,null,null,1393.2,null,null,9133.2000000000007]
[null,6,"Сигареты Винстон XStyle blue (МРЦ: 95)",null,null,null,7777,null,"шт",796,null,null,null,"шт",1,20,null,null,null,null,null,20,null,null,null,73.19,1463.8,null,null,null,18,null,null,263.48,null,null,1727.28]
[null,7,"Сигареты Союз Аполлон С-19 Compact (МРЦ: 60)",null,null,null,7988,null,"шт",796,null,null,null,"шт",1,20,null,null,null,null,null,20,null,null,null,41.78,835.6,null,null,null,18,null,null,150.41,null,null,986.01]
[null,8,"Сигареты Бонд street blue selection (МРЦ: 80)",null,null,null,7729,null,"шт",796,null,null,null,"шт",1,30,null,null,null,null,null,30,null,null,null,61.36,1840.8,null,null,null,18,null,null,331.34,null,null,2172.14]
[null,9,"Сигареты Бонд street special blue (МРЦ: 95)",null,null,null,7739,null,"шт",796,null,null,null,"шт",1,10,null,null,null,null,null,10,null,null,null,73.86,738.6,null,null,null,18,null,null,132.94999999999999,null,null,871.55]
[null,10,"Сигареты ЛМ red  label (МРЦ: 98)",null,null,null,7864,null,"шт",796,null,null,null,"шт",1,20,null,null,null,null,null,20,null,null,null,76.19,1523.8,null,null,null,18,null,null,274.27999999999997,null,null,1798.08]
[null,11,"Сигареты ЛМ blue label (МРЦ: 88)",null,null,null,7858,null,"шт",796,null,null,null,"шт",1,20,null,null,null,null,null,20,null,null,null,67.8,1356,null,null,null,18,null,null,244.08,null,null,1600.08]
[null,null,null,null,null,null,null,null,null,null,null,null,null,null,"Итого ",300,null,null,null,null,null,300,null,null,null,"Х",20280.8,null,null,null,"Х",null,null,3650.53,null,null,23931.33]
[null,null,null,null,null,null,null,null,null,null,null,null,null,null,null,null,null,null,null,null,null,null,null,null,null,null,null,null,null,null,null,null,null,null,null,null,"Страница 2"]
[null,"Но-\nмер\nпо по-\nрядку ","Товар",null,null,null,null,null,"Единица измерения",null,null,null,null,"Вид упаковки","Количество",null,null,null,null,"Масса брутто",null,"Количе-\nство \n(масса \nнетто)",null,null,null,"Цена,\nруб. коп.","Сумма без\nучета НДС,\nруб. коп.",null,null,null,"НДС",null,null,null,null,null,"Сумма с\nучетом \nНДС, \nруб. коп."]
[null,null,"наименование, характеристика, сорт, артикул товара",null,null,null,"код",null,"наиме- нование","код по ОКЕИ",null,null,null,null,"в одном месте","мест,\nштук",null,null,null,null,null,null,null,null,null,null,null,null,null,null,"ставка, %",null,null,"сумма, \nруб. коп."]
[null,1,2,null,null,null,3,null,4,5,null,null,null,6,7,8,null,null,null,9,null,10,null,null,null,11,12,null,null,null,13,null,null,14,null,null,15]
[null,12,"Сигареты Мальборо gold original (МРЦ: 115)",null,null,null,18573,null,"шт",796,null,null,null,"шт",1,20,null,null,null,null,null,20,null,null,null,88.6,1772,null,null,null,18,null,null,318.95999999999998,null,null,2090.96]
[null,13,"Сигареты Оптима white (МРЦ: 79)",null,null,null,7927,null,"шт",796,null,null,null,"шт",1,20,null,null,null,null,null,20,null,null,null,61.14,1222.8,null,null,null,18,null,null,220.1,null,null,1442.9]
[null,14,"Сигареты Парламент Аqua bluе (МРЦ: 140)",null,null,null,7945,null,"шт",796,null,null,null,"шт",1,50,null,null,null,null,null,50,null,null,null,108.69,5434.5,null,null,null,18,null,null,978.21,null,null,6412.71]
[null,15,"Сигареты Парламент SS 100 (МРЦ: 135)",null,null,null,7944,null,"шт",796,null,null,null,"шт",1,10,null,null,null,null,null,10,null,null,null,104.48,1044.8,null,null,null,18,null,null,188.06,null,null,1232.8599999999999]
[null,16,"Сигареты Парламент carat (МРЦ: 150)",null,null,null,7938,null,"шт",796,null,null,null,"шт",1,10,null,null,null,null,null,10,null,null,null,116.45,1164.5,null,null,null,18,null,null,209.61,null,null,1374.11]
[null,null,null,null,null,null,null,null,null,null,null,null,null,null,"Итого ",110,null,null,null,null,null,110,null,null,null,"Х",10638.6,null,null,null,"Х",null,null,1914.94,null,null,12553.54]
[null,null,null,null,null,null,null,null,null,null,null,null,null,null,"Всего по накладной ",410,null,null,null,null,null,410,null,null,null,"Х",30919.4,null,null,null,"Х",null,null,5565.47,null,null,36484.870000000003]
[null,null,null,"Товарная накладная имеет приложение на"]
[null,null,null,"и содержит",null,"Шестнадцать ",null,null,null,null,null,null,null,null,null,null,null,null,null,null,null,null,null,null,"порядковых номеров записей"]
[null,null,null,null,null,"прописью"]
[null,null,null,null,null,"Четыреста десять ",null,null,null,null,null,"     Масса груза (нетто)"]
[null,null,null,null,null,null,null,null,null,null,null,null,null,null,null,null,null,null,"прописью"]
[null,null,null,"Всего мест",null,null,null,null,null,null,null,"     Масса груза (брутто)"]
[null,null,null,null,null,"прописью",null,null,null,null,null,null,null,null,null,null,null,null,"прописью"]
[]
[null,"Приложение (паспорта, сертификаты и т.п.) на ",null,null,null,null,null,null,null,null,null,"листах",null,null,null,null,null,null,null,null,null,null,null,"По доверенности №",null,null,null,"от "]
[null,null,null,null,null,null,null,"прописью"]
[null,"Всего отпущено  на сумму",null,null,null,null,null,null,null,null,null,null,null,null,null,null,null,null,null,null,"выданной"]
[null,"Тридцать шесть тысяч четыреста восемьдесят четыре рубля 87 копеек",null,null,null,null,null,null,null,null,null,null,null,null,null,null,null,null,null,null,null,null,null,null,"кем, кому (организация, должность, фамилия, и. о.)"]
[null,"Отпуск разрешил"]
[null,null,null,"должность",null,null,null,"подпись",null,null,null,"расшифровка подписи"]
[null,"Главный (старший) бухгалтер",null,null,null,null,null,null,null,null,null,null,null,null,null,null,null,null,null,null,"Груз принял"]
[null,null,null,null,null,null,null,"подпись",null,null,null,"расшифровка подписи",null,null,null,null,null,null,null,null,null,null,null,null,"должность",null,null,null,"подпись",null,null,null,null,null,"расшифровка подписи"]
[null,"Отпуск груза произвел",null,null,null,null,null,null,null,null,null,null,null,null,null,null,null,null,null,null,"Груз получил "]
[null,null,null,"должность",null,null,null,"подпись",null,null,null,"расшифровка подписи",null,null,null,null,null,null,null,null,"грузополучатель",null,null,null,"должность",null,null,null,"подпись",null,null,null,null,null,"расшифровка подписи"]
[]
[null,null,"М.П.",null,null,null,"\"01\"","ноября",null,null,"2016 года",null,null,null,null,null,null,null,null,null,null,null,null,"М.П.",null,null,null,"\"     \" _____________ 20     года"]
["Унифицированная форма № ТОРГ-12\nУтверждена постановлением Госкомстата России от 25.12.98 № 132"]
[null,null,null,null,null,null,null,null,null,null,null,null,null,null,null,null,null,null,null,null,null,null,null,null,null,null,null,null,null,null,null,null,null,null,null,"Коды"]
[null,null,null,null,null,null,null,null,null,null,null,null,null,null,null,null,null,null,null,null,null,null,null,null,null,null,null,null,null,null,null,null,null,null,"Форма по ОКУД ",330212]
[null,null,null,null,null,null,null,null,null,null,null,null,null,null,null,null,null,null,null,null,null,null,null,null,null,null,null,null,null,null,null,null,null,null,"по ОКПО"]
[null,null,null,null,"организация-грузоотправитель, адрес, телефон, факс, банковские реквизиты"]
[]
[null,null,null,null,null,null,null,null,null,null,null,null,"структурное подразделение",null,null,null,null,null,null,null,null,null,null,null,null,null,null,null,null,null,null,null,null,null,"Вид деятельности по ОКДП"]
[null,"\nГрузополучатель",null,null,null,null,null,null,null,null,null,null,null,null,null,null,null,null,null,null,null,null,null,null,null,null,null,null,null,null,null,null,null,null,"по ОКПО"]
[null,null,null,null,"организация, адрес, телефон, факс, банковские реквизиты"]
["\nПоставщик",null,null,null,null,null,null,null,null,null,null,null,null,null,null,null,null,null,null,null,null,null,null,null,null,null,null,null,null,null,null,null,null,null,"по ОКПО"]
[null,null,null,null,"организация, адрес, телефон, факс, банковские реквизиты"]
["\nПлательщик",null,null,null,null,null,null,null,null,null,null,null,null,null,null,null,null,null,null,null,null,null,null,null,null,null,null,null,null,null,null,null,null,null,"по ОКПО"]
[null,null,null,null,"организация, адрес, телефон, факс, банковские реквизиты",null,null,null,null,null,null,null,null,null,null,null,null,null,null,null,null,null,null,null,null,null,null,null,null,null,null,"номер"]
[null,null,null,"Основание"]
[null,null,null,null,"договор, заказ-наряд",null,null,null,null,null,null,null,null,null,null,null,null,null,null,null,null,null,null,null,null,null,null,null,null,null,null,"дата"]
[null,null,null,null,null,null,null,null,null,null,null,null,"Номер документа",null,null,null,"Дата составления",null,null,null,null,null,null,null,null,null,null,null,null,null,"Транспортная накладная","номер"]
[null,null,null,null,null,null,null,null,null,null,null,"ТОВАРНАЯ НАКЛАДНАЯ  ",33393182,null,null,null,"02.11.2016",null,null,null,null,null,null,null,null,null,null,null,null,null,null,"дата"]
[null,null,null,null,null,null,null,null,null,null,null,null,null,null,null,null,null,null,null,null,null,null,null,null,null,null,null,null,null,null,null,null,null,null,"Вид операции"]
[null,null,null,null,null,null,null,null,null,null,null,null,null,null,null,null,null,null,null,null,null,null,null,null,null,null,null,null,null,null,null,null,null,null,null,null,"Страница 1"]
[null,"Но-\nмер\nпо по-\nрядку ","Товар",null,null,null,null,null,"Единица измерения",null,null,null,null,"Вид упаковки","Количество",null,null,null,null,"Масса брутто",null,"Количе-\nство \n(масса \nнетто)",null,null,null,"Цена,\nруб. коп.","Сумма без\nучета НДС,\nруб. коп.",null,null,null,"НДС",null,null,null,null,null,"Сумма с\nучетом \nНДС, \nруб. коп."]
[null,null,"наименование, характеристика, сорт, артикул товара",null,null,null,"код",null,"наиме- нование","код по ОКЕИ",null,null,null,null,"в одном месте","мест,\nштук",null,null,null,null,null,null,null,null,null,null,null,null,null,null,"ставка, %",null,null,"сумма, \nруб. коп."]
[null,1,2,null,null,null,3,null,4,5,null,null,null,6,7,8,null,null,null,9,null,10,null,null,null,11,12,null,null,null,13,null,null,14,null,null,15]
[null,1,"Сигареты Винстон blue (МРЦ: 100)",null,null,null,7762,null,"шт",796,null,null,null,"шт",1,10,null,null,null,null,null,10,null,null,null,77.400000000000006,773.98,null,null,null,18,null,null,139.32,null,null,913.3]
[null,2,"Сигареты Винстон SS blue (МРЦ: 100)",null,null,null,7767,null,"шт",796,null,null,null,"шт",1,10,null,null,null,null,null,10,null,null,null,77.05,770.51,null,null,null,18,null,null,138.69,null,null,909.2]
[null,3,"Сигареты Бонд street blue selection (МРЦ: 85)",null,null,null,7729,null,"шт",796,null,null,null,"шт",1,20,null,null,null,null,null,20,null,null,null,65.48,1309.6099999999999,null,null,null,18,null,null,235.73,null,null,1545.34]
[null,4,"Сигареты Бонд Street compact blue (МРЦ: 80)",null,null,null,7731,null,"шт",796,null,null,null,"шт",1,10,null,null,null,null,null,10,null,null,null,60.53,605.29999999999995,null,null,null,18,null,null,108.95,null,null,714.25]
[null,null,null,null,null,null,null,null,null,null,null,null,null,null,"Итого ",50,null,null,null,null,null,50,null,null,null,"Х",3459.4,null,null,null,"Х",null,null,622.69000000000005,null,null,4082.09]
[null,null,null,null,null,null,null,null,null,null,null,null,null,null,null,null,null,null,null,null,null,null,null,null,null,null,null,null,null,null,null,null,null,null,null,null,"Страница 2"]
[null,"Но-\nмер\nпо по-\nрядку ","Товар",null,null,null,null,null,"Единица измерения",null,null,null,null,"Вид упаковки","Количество",null,null,null,null,"Масса брутто",null,"Количе-\nство \n(масса \nнетто)",null,null,null,"Цена,\nруб. коп.","Сумма без\nучета НДС,\nруб. коп.",null,null,null,"НДС",null,null,null,null,null,"Сумма с\nучетом \nНДС, \nруб. коп."]
[null,null,"наименование, характеристика, сорт, артикул товара",null,null,null,"код",null,"наиме- нование","код по ОКЕИ",null,null,null,null,"в одном месте","мест,\nштук",null,null,null,null,null,null,null,null,null,null,null,null,null,null,"ставка, %",null,null,"сумма, \nруб. коп."]
[null,1,2,null,null,null,3,null,4,5,null,null,null,6,7,8,null,null,null,9,null,10,null,null,null,11,12,null,null,null,13,null,null,14,null,null,15]
[null,5,"Сигареты Бонд Street compact premium (МРЦ: 80)",null,null,null,7732,null,"шт",796,null,null,null,"шт",1,10,null,null,null,null,null,10,null,null,null,60.53,605.29999999999995,null,null,null,18,null,null,108.95,null,null,714.25]
[null,null,null,null,null,null,null,null,null,null,null,null,null,null,"Итого ",10,null,null,null,null,null,10,null,null,null,"Х",605.29999999999995,null,null,null,"Х",null,null,108.95,null,null,714.25]
[null,null,null,null,null,null,null,null,null,null,null,null,null,null,"Всего по накладной ",60,null,null,null,null,null,60,null,null,null,"Х",4064.7,null,null,null,"Х",null,null,731.64,null,null,4796.34]
[null,null,null,"Товарная накладная имеет приложение на"]
[null,null,null,"и содержит",null,"Пять ",null,null,null,null,null,null,null,null,null,null,null,null,null,null,null,null,null,null,"порядковых номеров записей"]
[null,null,null,null,null,"прописью"]
[null,null,null,null,null,"Шестьдесят ",null,null,null,null,null,"     Масса груза (нетто)"]
[null,null,null,null,null,null,null,null,null,null,null,null,null,null,null,null,null,null,"прописью"]
[null,null,null,"Всего мест",null,null,null,null,null,null,null,"     Масса груза (брутто)"]
[null,null,null,null,null,"прописью",null,null,null,null,null,null,null,null,null,null,null,null,"прописью"]
[]
[null,"Приложение (паспорта, сертификаты и т.п.) на ",null,null,null,null,null,null,null,null,null,"листах",null,null,null,null,null,null,null,null,null,null,null,"По доверенности №",null,null,null,"от "]
[null,null,null,null,null,null,null,"прописью"]
[null,"Всего отпущено  на сумму",null,null,null,null,null,null,null,null,null,null,null,null,null,null,null,null,null,null,"выданной"]
[null,"Четыре тысячи семьсот девяносто шесть рублей 34 копейки",null,null,null,null,null,null,null,null,null,null,null,null,null,null,null,null,null,null,null,null,null,null,"кем, кому (организация, должность, фамилия, и. о.)"]
[null,"Отпуск разрешил"]
[null,null,null,"должность",null,null,null,"подпись",null,null,null,"расшифровка подписи"]
[null,"Главный (старший) бухгалтер",null,null,null,null,null,null,null,null,null,null,null,null,null,null,null,null,null,null,"Груз принял"]
[null,null,null,null,null,null,null,"подпись",null,null,null,"расшифровка подписи",null,null,null,null,null,null,null,null,null,null,null,null,"должность",null,null,null,"подпись",null,null,null,null,null,"расшифровка подписи"]
[null,"Отпуск груза произвел",null,null,null,null,null,null,null,null,null,null,null,null,null,null,null,null,null,null,"Груз получил "]
[null,null,null,"должность",null,null,null,"подпись",null,null,null,"расшифровка подписи",null,null,null,null,null,null,null,null,"грузополучатель",null,null,null,"должность",null,null,null,"подпись",null,null,null,null,null,"расшифровка подписи"]
[]
[null,null,"М.П.",null,null,null,"\"02\"","ноября",null,null,"2016 года",null,null,null,null,null,null,null,null,null,null,null,null,"М.П.",null,null,null,"\"     \" _____________ 20     года"]
["Унифицированная форма № ТОРГ-12\nУтверждена постановлением Госкомстата России от 25.12.98 № 132"]
[null,null,null,null,null,null,null,null,null,null,null,null,null,null,null,null,null,null,null,null,null,null,null,null,null,null,null,null,null,null,null,null,null,null,null,"Коды"]
[null,null,null,null,null,null,null,null,null,null,null,null,null,null,null,null,null,null,null,null,null,null,null,null,null,null,null,null,null,null,null,null,null,null,"Форма по ОКУД ",330212]
[null,null,null,null,null,null,null,null,null,null,null,null,null,null,null,null,null,null,null,null,null,null,null,null,null,null,null,null,null,null,null,null,null,null,"по ОКПО"]
[null,null,null,null,"организация-грузоотправитель, адрес, телефон, факс, банковские реквизиты"]
[]
[null,null,null,null,null,null,null,null,null,null,null,null,"структурное подразделение",null,null,null,null,null,null,null,null,null,null,null,null,null,null,null,null,null,null,null,null,null,"Вид деятельности по ОКДП"]
[null,"\nГрузополучатель",null,null,null,null,null,null,null,null,null,null,null,null,null,null,null,null,null,null,null,null,null,null,null,null,null,null,null,null,null,null,null,null,"по ОКПО"]
[null,null,null,null,"организация, адрес, телефон, факс, банковские реквизиты"]
["\nПоставщик",null,null,null,null,null,null,null,null,null,null,null,null,null,null,null,null,null,null,null,null,null,null,null,null,null,null,null,null,null,null,null,null,null,"по ОКПО"]
[null,null,null,null,"организация, адрес, телефон, факс, банковские реквизиты"]
["\nПлательщик",null,null,null,null,null,null,null,null,null,null,null,null,null,null,null,null,null,null,null,null,null,null,null,null,null,null,null,null,null,null,null,null,null,"по ОКПО"]
[null,null,null,null,"организация, адрес, телефон, факс, банковские реквизиты",null,null,null,null,null,null,null,null,null,null,null,null,null,null,null,null,null,null,null,null,null,null,null,null,null,null,"номер"]
[null,null,null,"Основание"]
[null,null,null,null,"договор, заказ-наряд",null,null,null,null,null,null,null,null,null,null,null,null,null,null,null,null,null,null,null,null,null,null,null,null,null,null,"дата"]
[null,null,null,null,null,null,null,null,null,null,null,null,"Номер документа",null,null,null,"Дата составления",null,null,null,null,null,null,null,null,null,null,null,null,null,"Транспортная накладная","номер"]
[null,null,null,null,null,null,null,null,null,null,null,"ТОВАРНАЯ НАКЛАДНАЯ  ",33405444,null,null,null,"02.11.2016",null,null,null,null,null,null,null,null,null,null,null,null,null,null,"дата"]
[null,null,null,null,null,null,null,null,null,null,null,null,null,null,null,null,null,null,null,null,null,null,null,null,null,null,null,null,null,null,null,null,null,null,"Вид операции"]
[null,null,null,null,null,null,null,null,null,null,null,null,null,null,null,null,null,null,null,null,null,null,null,null,null,null,null,null,null,null,null,null,null,null,null,null,"Страница 1"]
[null,"Но-\nмер\nпо по-\nрядку ","Товар",null,null,null,null,null,"Единица измерения",null,null,null,null,"Вид упаковки","Количество",null,null,null,null,"Масса брутто",null,"Количе-\nство \n(масса \nнетто)",null,null,null,"Цена,\nруб. коп.","Сумма без\nучета НДС,\nруб. коп.",null,null,null,"НДС",null,null,null,null,null,"Сумма с\nучетом \nНДС, \nруб. коп."]
[null,null,"наименование, характеристика, сорт, артикул товара",null,null,null,"код",null,"наиме- нование","код по ОКЕИ",null,null,null,null,"в одном месте","мест,\nштук",null,null,null,null,null,null,null,null,null,null,null,null,null,null,"ставка, %",null,null,"сумма, \nруб. коп."]
[null,1,2,null,null,null,3,null,4,5,null,null,null,6,7,8,null,null,null,9,null,10,null,null,null,11,12,null,null,null,13,null,null,14,null,null,15]
[null,1,"Сигареты Кэмел blue (МРЦ: 115)",null,null,null,7838,null,"шт",796,null,null,null,"шт",1,10,null,null,null,null,null,10,null,null,null,89.01,890.1,null,null,null,18,null,null,160.22,null,null,1050.32]
[null,2,"Сигареты Гламур SS azure (МРЦ: 95)",null,null,null,7783,null,"шт",796,null,null,null,"шт",1,20,null,null,null,null,null,20,null,null,null,73.19,1463.8,null,null,null,18,null,null,263.48,null,null,1727.28]
[null,3,"Сигареты ЛД club gold (МРЦ: 75)",null,null,null,7851,null,"шт",796,null,null,null,"шт",1,30,null,null,null,null,null,30,null,null,null,58.05,1741.5,null,null,null,18,null,null,313.47000000000003,null,null,2054.9699999999998]
[null,4,"Сигареты ЛД red (МРЦ: 80)",null,null,null,7855,null,"шт",796,null,null,null,"шт",1,20,null,null,null,null,null,20,null,null,null,61.92,1238.4000000000001,null,null,null,18,null,null,222.91,null,null,1461.31]
[null,5,"Сигареты ЛД blue (МРЦ: 80)",null,null,null,7845,null,"шт",796,null,null,null,"шт",1,20,null,null,null,null,null,20,null,null,null,61.92,1238.4000000000001,null,null,null,18,null,null,222.91,null,null,1461.31]
[null,6,"Сигареты Море by LD red (30 сигарет) (МРЦ: 95)",null,null,null,7893,null,"шт",796,null,null,null,"шт",1,16,null,null,null,null,null,16,null,null,null,73.209999999999994,1171.3599999999999,null,null,null,18,null,null,210.84,null,null,1382.2]
[null,7,"Сигареты Винстон blue (МРЦ: 105)",null,null,null,7762,null,"шт",796,null,null,null,"шт",1,100,null,null,null,null,null,100,null,null,null,81.27,8127,null,null,null,18,null,null,1462.86,null,null,9589.86]
[null,8,"Сигареты Винстон XStyle silver ( ОС ) (МРЦ: 95)",null,null,null,7776,null,"шт",796,null,null,null,"шт",1,30,null,null,null,null,null,30,null,null,null,73.19,2195.6999999999998,null,null,null,18,null,null,395.23,null,null,2590.9299999999998]
[null,9,"Сигареты Винстон  white (МРЦ: 100)",null,null,null,7761,null,"шт",796,null,null,null,"шт",1,10,null,null,null,null,null,10,null,null,null,77.400000000000006,774,null,null,null,18,null,null,139.32,null,null,913.32]
[null,10,"Сигареты Винстон SS silver (МРЦ: 100)",null,null,null,7769,null,"шт",796,null,null,null,"шт",1,10,null,null,null,null,null,10,null,null,null,77.05,770.5,null,null,null,18,null,null,138.69,null,null,909.19]
[null,11,"Сигареты Максим классический  серый 25 сигарет (МРЦ: 79)",null,null,null,7872,null,"шт",796,null,null,null,"шт",1,16,null,null,null,null,null,16,null,null,null,60.86,973.76,null,null,null,18,null,null,175.28,null,null,1149.04]
[null,null,null,null,null,null,null,null,null,null,null,null,null,null,"Итого ",282,null,null,null,null,null,282,null,null,null,"Х",20584.52,null,null,null,"Х",null,null,3705.21,null,null,24289.73]
[null,null,null,null,null,null,null,null,null,null,null,null,null,null,null,null,null,null,null,null,null,null,null,null,null,null,null,null,null,null,null,null,null,null,null,null,"Страница 2"]
[null,"Но-\nмер\nпо по-\nрядку ","Товар",null,null,null,null,null,"Единица измерения",null,null,null,null,"Вид упаковки","Количество",null,null,null,null,"Масса брутто",null,"Количе-\nство \n(масса \nнетто)",null,null,null,"Цена,\nруб. коп.","Сумма без\nучета НДС,\nруб. коп.",null,null,null,"НДС",null,null,null,null,null,"Сумма с\nучетом \nНДС, \nруб. коп."]
[null,null,"наименование, характеристика, сорт, артикул товара",null,null,null,"код",null,"наиме- нование","код по ОКЕИ",null,null,null,null,"в одном месте","мест,\nштук",null,null,null,null,null,null,null,null,null,null,null,null,null,null,"ставка, %",null,null,"сумма, \nруб. коп."]
[null,1,2,null,null,null,3,null,4,5,null,null,null,6,7,8,null,null,null,9,null,10,null,null,null,11,12,null,null,null,13,null,null,14,null,null,15]
[null,12,"Сигареты Союз Аполлон С-19 (МРЦ: 75)",null,null,null,7991,null,"шт",796,null,null,null,"шт",1,50,null,null,null,null,null,50,null,null,null,57.78,2889,null,null,null,18,null,null,520.02,null,null,3409.02]
[null,13,"Сигареты Союз Аполлон А-18 (МРЦ: 75)",null,null,null,7989,null,"шт",796,null,null,null,"шт",1,50,null,null,null,null,null,50,null,null,null,57.78,2889,null,null,null,18,null,null,520.02,null,null,3409.02]
[null,14,"Сигареты Союз Аполлон С-19 Compact (МРЦ: 60)",null,null,null,7988,null,"шт",796,null,null,null,"шт",1,20,null,null,null,null,null,20,null,null,null,41.78,835.6,null,null,null,18,null,null,150.41,null,null,986.01]
[null,15,"Сигареты Бонд street blue selection (МРЦ: 85)",null,null,null,7729,null,"шт",796,null,null,null,"шт",1,30,null,null,null,null,null,30,null,null,null,65.48,1964.4,null,null,null,18,null,null,353.59,null,null,2317.9899999999998]
[null,16,"Сигареты Бонд street silver selection (МРЦ: 90)",null,null,null,7736,null,"шт",796,null,null,null,"шт",1,10,null,null,null,null,null,10,null,null,null,69.650000000000006,696.5,null,null,null,18,null,null,125.37,null,null,821.87]
[null,17,"Сигареты Бонд street special blue (МРЦ: 95)",null,null,null,7739,null,"шт",796,null,null,null,"шт",1,20,null,null,null,null,null,20,null,null,null,73.86,1477.2,null,null,null,18,null,null,265.89999999999998,null,null,1743.1]
[null,18,"Сигареты Бонд street special silver (МРЦ: 90)",null,null,null,7740,null,"шт",796,null,null,null,"шт",1,20,null,null,null,null,null,20,null,null,null,69.650000000000006,1393,null,null,null,18,null,null,250.74,null,null,1643.74]
[null,19,"Сигареты Бонд Street compact blue (МРЦ: 80)",null,null,null,7731,null,"шт",796,null,null,null,"шт",1,50,null,null,null,null,null,50,null,null,null,60.53,3026.5,null,null,null,18,null,null,544.77,null,null,3571.27]
[null,20,"Сигареты Бонд street Premium (МРЦ: 73)",null,null,null,7733,null,"шт",796,null,null,null,"шт",1,30,null,null,null,null,null,30,null,null,null,47.51,1425.3,null,null,null,18,null,null,256.55,null,null,1681.85]
[null,21,"Сигареты Бонд Street compact premium (МРЦ: 80)",null,null,null,7732,null,"шт",796,null,null,null,"шт",1,50,null,null,null,null,null,50,null,null,null,60.53,3026.5,null,null,null,18,null,null,544.77,null,null,3571.27]
[null,22,"Сигареты Честерфилд blue (МРЦ: 100)",null,null,null,8004,null,"шт",796,null,null,null,"шт",1,30,null,null,null,null,null,30,null,null,null,77.39,2321.6999999999998,null,null,null,18,null,null,417.91,null,null,2739.61]
[null,23,"Сигареты Честерфилд Crown blue (МРЦ: 90)",null,null,null,8005,null,"шт",796,null,null,null,"шт",1,20,null,null,null,null,null,20,null,null,null,69.03,1380.6,null,null,null,18,null,null,248.51,null,null,1629.11]
[null,24,"Сигареты ЛМ red  label (МРЦ: 98)",null,null,null,7864,null,"шт",796,null,null,null,"шт",1,20,null,null,null,null,null,20,null,null,null,76.19,1523.8,null,null,null,18,null,null,274.27999999999997,null,null,1798.08]
[null,25,"Сигареты Мальборо Imported new international design red (МРЦ: 120)",null,null,null,7885,null,"шт",796,null,null,null,"шт",1,20,null,null,null,null,null,20,null,null,null,92.87,1857.4,null,null,null,18,null,null,334.33,null,null,2191.73]
[null,26,"Сигареты Мальборо gold original (МРЦ: 115)",null,null,null,18573,null,"шт",796,null,null,null,"шт",1,20,null,null,null,null,null,20,null,null,null,88.6,1772,null,null,null,18,null,null,318.95999999999998,null,null,2090.96]
[null,27,"Сигареты Некст blue (МРЦ: 75)",null,null,null,7906,null,"шт",796,null,null,null,"шт",1,10,null,null,null,null,null,10,null,null,null,57.78,577.79999999999995,null,null,null,18,null,null,104,null,null,681.8]
[null,28,"Сигареты Некст blue (LPE) (МРЦ: 70)",null,null,null,17687,null,"шт",796,null,null,null,"шт",1,30,null,null,null,null,null,30,null,null,null,53.69,1610.7,null,null,null,18,null,null,289.93,null,null,1900.63]
[null,29,"Сигареты Некст violet (МРЦ: 80)",null,null,null,7919,null,"шт",796,null,null,null,"шт",1,40,null,null,null,null,null,40,null,null,null,61.92,2476.8000000000002,null,null,null,18,null,null,445.82,null,null,2922.62]
[null,30,"Сигареты Некст Compact (МРЦ: 75)",null,null,null,7913,null,"шт",796,null,null,null,"шт",1,10,null,null,null,null,null,10,null,null,null,58.04,580.41999999999996,null,null,null,18,null,null,104.48,null,null,684.9]
[null,31,"Сигареты Оптима red плюс (МРЦ: 68,5)",null,null,null,7926,null,"шт",796,null,null,null,"шт",1,80,null,null,null,null,null,80,null,null,null,45.33,3626.4,null,null,null,18,null,null,652.75,null,null,4279.1499999999996]
[null,32,"Сигареты Оптима gold плюс (МРЦ: 63,5)",null,null,null,7923,null,"шт",796,null,null,null,"шт",1,80,null,null,null,null,null,80,null,null,null,41.5,3320,null,null,null,18,null,null,597.6,null,null,3917.6]
[null,33,"Сигареты Оптима Gold 25 сигарет (МРЦ: 86)",null,null,null,7921,null,"шт",796,null,null,null,"шт",1,40,null,null,null,null,null,40,null,null,null,66.56,2662.4,null,null,null,18,null,null,479.23,null,null,3141.63]
[null,null,null,null,null,null,null,null,null,null,null,null,null,null,"Итого ",730,null,null,null,null,null,730,null,null,null,"Х",43333.02,null,null,null,"Х",null,null,7799.94,null,null,51132.959999999999]
[null,null,null,null,null,null,null,null,null,null,null,null,null,null,null,null,null,null,null,null,null,null,null,null,null,null,null,null,null,null,null,null,null,null,null,null,"Страница 3"]
[null,"Но-\nмер\nпо по-\nрядку ","Товар",null,null,null,null,null,"Единица измерения",null,null,null,null,"Вид упаковки","Количество",null,null,null,null,"Масса брутто",null,"Количе-\nство \n(масса \nнетто)",null,null,null,"Цена,\nруб. коп.","Сумма без\nучета НДС,\nруб. коп.",null,null,null,"НДС",null,null,null,null,null,"Сумма с\nучетом \nНДС, \nруб. коп."]
[null,null,"наименование, характеристика, сорт, артикул товара",null,null,null,"код",null,"наиме- нование","код по ОКЕИ",null,null,null,null,"в одном месте","мест,\nштук",null,null,null,null,null,null,null,null,null,null,null,null,null,null,"ставка, %",null,null,"сумма, \nруб. коп."]
[null,1,2,null,null,null,3,null,4,5,null,null,null,6,7,8,null,null,null,9,null,10,null,null,null,11,12,null,null,null,13,null,null,14,null,null,15]
[null,34,"Сигареты Парламент Night blue (МРЦ: 140)",null,null,null,7939,null,"шт",796,null,null,null,"шт",1,20,null,null,null,null,null,20,null,null,null,108.69,2173.8000000000002,null,null,null,18,null,null,391.28,null,null,2565.08]
[null,35,"Сигареты Парламент Аqua bluе (МРЦ: 140)",null,null,null,7945,null,"шт",796,null,null,null,"шт",1,20,null,null,null,null,null,20,null,null,null,108.69,2173.8000000000002,null,null,null,18,null,null,391.28,null,null,2565.08]
[null,36,"Сигареты Парламент silver blue (МРЦ: 140)",null,null,null,7943,null,"шт",796,null,null,null,"шт",1,10,null,null,null,null,null,10,null,null,null,108.69,1086.8800000000001,null,null,null,18,null,null,195.63,null,null,1282.51]
[null,37,"Зажигалка АМ-011CR  Ангара",null,null,null,1298,null,"шт",796,null,null,null,"шт",1,50,null,null,null,null,null,50,null,null,null,5.75,287.5,null,null,null,18,null,null,51.75,null,null,339.25]
[null,38,"Презервативы Соблазн",null,null,null,1512,null,"шт",796,null,null,null,"шт",1,24,null,null,null,null,null,24,null,null,null,15.3,367.2,null,null,null,10,null,null,36.72,null,null,403.92]
[null,null,null,null,null,null,null,null,null,null,null,null,null,null,"Итого ",124,null,null,null,null,null,124,null,null,null,"Х",6089.18,null,null,null,"Х",null,null,1066.6600000000001,null,null,7155.84]
[null,null,null,null,null,null,null,null,null,null,null,null,null,null,"Всего по накладной ",1136,null,null,null,null,null,1136,null,null,null,"Х",70006.720000000001,null,null,null,"Х",null,null,12571.81,null,null,82578.53]
[null,null,null,"Товарная накладная имеет приложение на"]
[null,null,null,"и содержит",null,"Тридцать восемь ",null,null,null,null,null,null,null,null,null,null,null,null,null,null,null,null,null,null,"порядковых номеров записей"]
[null,null,null,null,null,"прописью"]
[null,null,null,null,null,"Одна тысяча сто тридцать шесть ",null,null,null,null,null,"     Масса груза (нетто)"]
[null,null,null,null,null,null,null,null,null,null,null,null,null,null,null,null,null,null,"прописью"]
[null,null,null,"Всего мест",null,null,null,null,null,null,null,"     Масса груза (брутто)"]
[null,null,null,null,null,"прописью",null,null,null,null,null,null,null,null,null,null,null,null,"прописью"]
[]
[null,"Приложение (паспорта, сертификаты и т.п.) на ",null,null,null,null,null,null,null,null,null,"листах",null,null,null,null,null,null,null,null,null,null,null,"По доверенности №",null,null,null,"от "]
[null,null,null,null,null,null,null,"прописью"]
[null,"Всего отпущено  на сумму",null,null,null,null,null,null,null,null,null,null,null,null,null,null,null,null,null,null,"выданной"]
[null,"Восемьдесят две тысячи пятьсот семьдесят восемь рублей 53 копейки",null,null,null,null,null,null,null,null,null,null,null,null,null,null,null,null,null,null,null,null,null,null,"кем, кому (организация, должность, фамилия, и. о.)"]
[null,"Отпуск разрешил"]
[null,null,null,"должность",null,null,null,"подпись",null,null,null,"расшифровка подписи"]
[null,"Главный (старший) бухгалтер",null,null,null,null,null,null,null,null,null,null,null,null,null,null,null,null,null,null,"Груз принял"]
[null,null,null,null,null,null,null,"подпись",null,null,null,"расшифровка подписи",null,null,null,null,null,null,null,null,null,null,null,null,"должность",null,null,null,"подпись",null,null,null,null,null,"расшифровка подписи"]
[null,"Отпуск груза произвел",null,null,null,null,null,null,null,null,null,null,null,null,null,null,null,null,null,null,"Груз получил "]
[null,null,null,"должность",null,null,null,"подпись",null,null,null,"расшифровка подписи",null,null,null,null,null,null,null,null,"грузополучатель",null,null,null,"должность",null,null,null,"подпись",null,null,null,null,null,"расшифровка подписи"]
[]
[null,null,"М.П.",null,null,null,"\"02\"","ноября",null,null,"2016 года",null,null,null,null,null,null,null,null,null,null,null,null,"М.П.",null,null,null,"\"     \" _____________ 20     года"]